[Event "BUL-ch"]
[Site "Sofia"]
[Date "2023.01.28"]
[Round "9"]
[White "Mitev, Valentin"]
[Black "Tashev, Aleksandar Asenov"]
[Result "1-0"]
[WhiteElo "2219"]
[BlackElo "2134"]
[PlyCount "71"]
[EventDate "2023.01.21"]
[EventType "swiss"]
[EventRounds "9"]
[EventCountry "BUL"]
[SourceTitle "CBM 212 Extra"]
[Source "ChessBase"]
[SourceDate "2023.03.31"]
[SourceVersion "1"]
[SourceVersionDate "2023.03.31"]
[SourceQuality "1"]

1. d4 d5 2. Nf3 Nf6 3. e3 e6 4. Bd3 c5 5. b3 cxd4 6. exd4 Be7 7. 0-0 b6 8. Ne5 0-0 9. Bb2 Bb7 10. Nd2 Nbd7 11. Re1 Rc8 12. Qe2 Rc7 13. Rac1 Qa8 14. a3 Re8 15. Ndf3 Nxe5 16. Nxe5 Ne4 17. c4 Nf6 18. f3 Bf8 19. Rc2 Ba6 20. c5 Bxd3 21. Nxd3 Qb7 22. b4 Nd7 23. Rec1 Rec8 24. f4 Qa6 25. Qf3 g6 26. Nf2 f5 27. Qe3 Rc6 28. Qb3 b5 29. g4 Nf6 30. gxf5 exf5 31. Nd3 Re6 32. Ne5 Bh6 33. Rf1 Qb7 34. Bc1 Bg7 35. Be3 Rd8 36. a4 1-0

[Event "BUL-ch"]
[Site "Sofia"]
[Date "2023.01.24"]
[Round "5"]
[White "Nikolov, Yavor"]
[Black "Tashev, Aleksandar Asenov"]
[Result "1/2-1/2"]
[WhiteElo "2086"]
[BlackElo "2134"]
[PlyCount "108"]
[EventDate "2023.01.21"]
[EventType "swiss"]
[EventRounds "9"]
[EventCountry "BUL"]
[SourceTitle "CBM 212 Extra"]
[Source "ChessBase"]
[SourceDate "2023.03.31"]
[SourceVersion "1"]
[SourceVersionDate "2023.03.31"]
[SourceQuality "1"]

1. e4 c5 2. Nf3 Nc6 3. Nc3 Nf6 4. g3 d5 5. exd5 Nxd5 6. Bg2 Nxc3 7. bxc3 g6 8. 0-0 Bg7 9. Bb2 0-0 10. d4 Bg4 11. Rb1 Qa5 12. h3 Bxf3 13. Bxf3 Qxa2 14. Qe2 Rab8 15. Qb5 cxd4 16. Bd5 a6 17. Bxa2 axb5 18. cxd4 Bxd4 19. Bxd4 Nxd4 20. Kg2 Rbc8 21. Rfd1 e5 22. Rd2 Kg7 23. Bd5 b6 24. Be4 Rc5 25. Bd3 Rfc8 26. Rdd1 Nxc2 27. Bxc2 Rxc2 28. Rxb5 Re2 29. Rxb6 Rcc2 30. Rf1 e4 31. Rb3 e3 32. Kg1 Rxf2 33. Rxf2 exf2+ 34. Kg2 g5 35. Rb5 Kg6 36. h4 h6 37. hxg5 hxg5 38. Rb6+ f6 39. Rb4 Kf5 40. Ra4 Rd2 41. Rb4 Ke5 42. Ra4 f5 43. Rb4 f4 44. gxf4+ gxf4 45. Rb5+ Ke4 46. Rb3 Rc2 47. Ra3 Kf5 48. Ra8 f1Q+ 49. Kxf1 Kg4 50. Ra3 Rc4 51. Kf2 f3 52. Ra8 Rc2+ 53. Kf1 Rc1+ 54. Kf2 Rc2+ 1/2-1/2

[Event "BUL-chT"]
[Site "Kiten"]
[Date "2021.06.21"]
[Round "1.3"]
[White "Tashev, Aleksandar Asenov"]
[Black "Kan, Efim"]
[Result "1/2-1/2"]
[WhiteElo "2251"]
[BlackElo "1913"]
[PlyCount "88"]
[EventDate "2021.06.21"]
[EventType "team-tourn"]
[EventRounds "7"]
[EventCountry "BUL"]
[SourceTitle "CBM 203 Extra"]
[Source "ChessBase"]
[SourceDate "2021.09.30"]
[SourceVersion "1"]
[SourceVersionDate "2021.09.30"]
[SourceQuality "1"]
[WhiteTeam "Razgrad Abritus"]
[BlackTeam "Burgas 64"]
[WhiteTeamCountry "BUL"]
[BlackTeamCountry "BUL"]

1. d4 Nf6 2. Nf3 g6 3. g3 Bg7 4. Bg2 0-0 5. 0-0 d6 6. a4 a5 7. Nc3 c6 8. e4 Nbd7 9. h3 Qc7 10. Be3 h6 11. Nd2 b6 12. f4 Ba6 13. e5 dxe5 14. dxe5 Nd5 15. Nxd5 cxd5 16. Bxd5 Bxf1 17. Qxf1 Rac8 18. c3 e6 19. Bg2 Rfd8 20. Ne4 Bf8 21. Qb5 Bc5 22. Nxc5 bxc5 23. Rd1 Rb8 24. Qc6 Qxc6 25. Bxc6 Nb6 26. Rxd8+ Rxd8 27. Bb5 Rd1+ 28. Kf2 Nd5 29. Bxc5 Rd2+ 30. Ke1 Rxb2 31. Bd4 Ra2 32. c4 Nb4 33. Bb6 Nd3+ 34. Kf1 Nb2 35. Bxa5 Nxa4 36. Bb4 Nb6 37. Bd6 Rc2 38. c5 Nc8 39. Ba4 Rc1+ 40. Ke2 Nxd6 41. cxd6 Kf8 42. Bd7 Rc3 43. Kf2 Rc2+ 44. Kf3 h5 1/2-1/2

[Event "Plovdiv Tringov Memorial 42nd"]
[Site "Plovdiv"]
[Date "2020.07.14"]
[Round "3"]
[White "Tashev, Aleksandar Asenov"]
[Black "Spasov, Vasil"]
[Result "1/2-1/2"]
[WhiteElo "2229"]
[BlackElo "2494"]
[PlyCount "47"]
[EventDate "2020.07.12"]
[EventType "swiss"]
[EventRounds "9"]
[EventCountry "BUL"]
[SourceTitle "EXT 2022"]
[Source "ChessBase"]
[SourceDate "2021.10.06"]
[SourceVersion "1"]
[SourceVersionDate "2021.10.06"]
[SourceQuality "1"]

1. d4 Nf6 2. Nf3 g6 3. c4 Bg7 4. Nc3 d6 5. e4 0-0 6. Be2 e5 7. dxe5 dxe5 8. Qxd8 Rxd8 9. Bg5 Nbd7 10. Rd1 Rf8 11. 0-0 c6 12. Nd2 Re8 13. a3 Nc5 14. Be3 Ne6 15. Nb3 Nf4 16. f3 Be6 17. Na5 Nxe2+ 18. Nxe2 b6 19. Nxc6 Bxc4 20. Rfe1 Re6 21. Nd8 Re8 22. Nc6 Re6 23. Nd8 Re8 24. Nc6 1/2-1/2

[Event "BUL-ch 84th"]
[Site "Sofia"]
[Date "2020.03.08"]
[Round "8"]
[White "Tashev, Aleksandar Asenov"]
[Black "Nikolov, Momchil"]
[Result "0-1"]
[WhiteElo "2236"]
[BlackElo "2550"]
[PlyCount "104"]
[EventDate "2020.03.02"]
[EventType "swiss"]
[EventRounds "9"]
[EventCountry "BUL"]
[SourceTitle "CBM 195 Extra"]
[Source "ChessBase"]
[SourceDate "2020.05.31"]
[SourceVersion "1"]
[SourceVersionDate "2020.05.31"]
[SourceQuality "1"]

1. d4 Nf6 2. c4 d6 3. Nc3 e5 4. dxe5 dxe5 5. Qxd8+ Kxd8 6. Nf3 Nbd7 7. g3 c6 8. Bg2 h6 9. 0-0 a5 10. b3 Bb4 11. Bb2 Re8 12. a3 Bf8 13. Rfd1 Kc7 14. Na4 e4 15. Nd4 Nc5 16. Nxc5 Bxc5 17. Bc1 Bd6 18. h3 e3 19. Bxe3 Bxg3 20. Rd3 Bd6 21. a4 Nh5 22. Rad1 Be5 23. Bf3 Nf4 24. Bxf4 Bxf4 25. Bg4 Be5 26. Bxc8 Raxc8 27. Nf5 Kb6 28. Rd7 Rc7 29. e3 g6 30. Nxh6 Re7 31. Rxe7 Rxe7 32. Ng4 Bg7 33. Rd3 Kc5 34. Nh2 Kb4 35. Nf3 Ka3 36. Kf1 Kb2 37. Ke2 Bc3 38. Nd2 Kc2 39. Nb1 Bb4 40. Nd2 Bxd2 41. Rxd2+ Kxb3 42. c5 Kxa4 43. Rb2 Ka3 44. Rb6 f5 45. Kd3 Re5 46. Kc4 Re4+ 47. Kc3 Rb4 48. f3 Ka4 49. e4 fxe4 50. fxe4 Rxb6 51. cxb6 Kb5 52. Kd4 Kxb6 0-1

[Event "BUL-ch 84th"]
[Site "Sofia"]
[Date "2020.03.03"]
[Round "2"]
[White "Tashev, Aleksandar Asenov"]
[Black "Dimitrov, Radoslav"]
[Result "1/2-1/2"]
[WhiteElo "2236"]
[BlackElo "2515"]
[PlyCount "97"]
[EventDate "2020.03.02"]
[EventType "swiss"]
[EventRounds "9"]
[EventCountry "BUL"]
[SourceTitle "CBM 195 Extra"]
[Source "ChessBase"]
[SourceDate "2020.05.31"]
[SourceVersion "1"]
[SourceVersionDate "2020.05.31"]
[SourceQuality "1"]

1. Nf3 c5 2. c4 Nc6 3. Nc3 g6 4. g3 Bg7 5. Bg2 d6 6. 0-0 e6 7. e3 Nge7 8. d4 0-0 9. b3 cxd4 10. exd4 e5 11. Bb2 exd4 12. Nb5 Nf5 13. Nbxd4 Qb6 14. Nxf5 Bxb2 15. Rb1 Ba3 16. Ne3 a5 17. Qd2 Qd8 18. Nd5 Nb4 19. Nc3 Nc6 20. Nd5 Nb4 21. Nc3 Na6 22. Qh6 Qf6 23. Nd5 Qg7 24. Qxg7+ Kxg7 25. Nd4 Bc5 26. Rbd1 Nb4 27. Nb5 Nxa2 28. Ndc7 Rb8 29. Ra1 Nb4 30. Rxa5 Bg4 31. Nd5 Be2 32. Rc1 Nd3 33. Rc2 Rfe8 34. Ne3 Nxf2 35. Rxe2 Ng4 36. Bf3 Nxe3 37. Kh1 Re5 38. Nxd6 b6 39. Rb5 Rd8 40. Rd2 Nf1 41. Rd1 Ne3 42. Rd2 Rxd6 43. Rxc5 Rxd2 44. Rxe5 Rd3 45. Rb5 Nf5 46. Bd5 Ne3 47. Bf3 Nf5 48. Bd5 Ne3 49. Bf3 1/2-1/2

[Event "Mutxamel 1st"]
[Site "Mutxamel"]
[Date "2019.09.19"]
[Round "6"]
[White "Andreev, Stanislav"]
[Black "Tashev, Aleksandar Asenov"]
[Result "0-1"]
[WhiteElo "2165"]
[BlackElo "2043"]
[PlyCount "84"]
[EventDate "2019.09.16"]
[EventType "tourn"]
[EventRounds "9"]
[EventCountry "ESP"]
[SourceTitle "EXT 2020"]
[Source "ChessBase"]
[SourceDate "2019.10.17"]
[SourceVersion "1"]
[SourceVersionDate "2019.10.17"]
[SourceQuality "1"]

1. d4 Nf6 2. c4 e6 3. Nc3 Bb4 4. e3 0-0 5. Nge2 d5 6. a3 Be7 7. cxd5 exd5 8. g3 a5 9. Bg2 c6 10. 0-0 Bf5 11. f3 Na6 12. g4 Be6 13. Ng3 Bd6 14. Nce2 h6 15. Nf4 Re8 16. Nxe6 Rxe6 17. Nf5 Bf8 18. Kh1 Nc7 19. b3 Nb5 20. a4 Nd6 21. Ng3 Qb6 22. Ra2 Rae8 23. Qd3 c5 24. dxc5 Qxc5 25. Rc2 Qb6 26. Ne2 Rxe3 27. Bxe3 Rxe3 28. Qd2 Rxb3 29. g5 hxg5 30. Qxg5 Nc4 31. Rc3 Bc5 32. Rxb3 Qxb3 33. Ng3 Ne3 34. Nf5 Nxf5 35. Qxf5 Qxa4 36. Qc8+ Bf8 37. Qxb7 Qf4 38. Qc8 g6 39. Rb1 Kg7 40. Rb8 Nh7 41. Kg1 Qe3+ 42. Kf1 Bc5 0-1

[Event "Wch U12"]
[Site "Santiago de Compostela"]
[Date "2018.11.13"]
[Round "9"]
[White "Tashev, Aleksandar Asenov"]
[Black "Paduano, Claudio"]
[Result "1-0"]
[WhiteElo "2211"]
[BlackElo "2017"]
[PlyCount "65"]
[EventDate "2018.11.04"]
[EventType "swiss"]
[EventRounds "11"]
[EventCountry "ESP"]
[SourceTitle "EXT 2022"]
[Source "ChessBase"]
[SourceDate "2021.10.06"]
[SourceVersion "1"]
[SourceVersionDate "2021.10.06"]
[SourceQuality "1"]

1. Nf3 d5 2. g3 Nf6 3. Bg2 c5 4. 0-0 Nc6 5. d4 e6 6. c4 dxc4 7. Ne5 Bd7 8. Na3 cxd4 9. Naxc4 Rc8 10. e3 b5 11. Nxc6 Bxc6 12. Bxc6+ Rxc6 13. Ne5 Rd6 14. exd4 Be7 15. Qe2 a6 16. a4 bxa4 17. Rxa4 0-0 18. Rxa6 Rxa6 19. Qxa6 Qxd4 20. Nc6 Qd7 21. b4 Nd5 22. b5 Bc5 23. Qa5 Bb6 24. Qa4 Re8 25. Bb2 f6 26. Rd1 Qc7 27. Bd4 Bxd4 28. Qxd4 Ra8 29. Qc5 Ra2 30. Rxd5 Ra1+ 31. Kg2 Qb7 32. Rd8+ Kf7 33. Qh5+ 1-0

[Event "Veliko Gradiste Silver Lake op"]
[Site "Veliko Gradiste"]
[Date "2018.06.18"]
[Round "2"]
[White "Karavade, Eesha"]
[Black "Tashev, Aleksandar Asenov"]
[Result "1/2-1/2"]
[WhiteElo "2399"]
[BlackElo "2161"]
[PlyCount "100"]
[EventDate "2018.06.17"]
[EventType "swiss"]
[EventRounds "9"]
[EventCountry "SRB"]
[SourceTitle "CBM 185 Extra"]
[Source "ChessBase"]
[SourceDate "2018.07.29"]
[SourceVersion "1"]
[SourceVersionDate "2018.07.29"]
[SourceQuality "1"]

1. Nf3 Nf6 2. c4 e6 3. g3 d5 4. Bg2 c5 5. cxd5 Nxd5 6. Nc3 Nc6 7. 0-0 Be7 8. d4 cxd4 9. Nxd5 exd5 10. Nxd4 0-0 11. Be3 Ne5 12. Nf3 Nxf3+ 13. Bxf3 Bh3 14. Bg2 Bxg2 15. Kxg2 Bf6 16. Qb3 Qd7 17. Rfd1 Rfd8 18. Bd4 Bxd4 19. Rxd4 Qe6 20. e3 g6 21. Rad1 Rac8 22. e4 b6 23. exd5 Qe5 24. d6 Rd7 25. Qa4 Rcd8 26. Qc6 Kg7 27. b3 h5 28. h4 Qe6 29. R1d2 Qe5 30. b4 Qf6 31. a4 Qe5 32. b5 Qf6 33. Rf4 Qe6 34. Rfd4 Qe5 35. Kh2 Qf6 36. Rf4 Qe5 37. Qc4 Qe6 38. Qc3+ Kg8 39. Rf6 Qe4 40. Rd4 Qe5 41. Rff4 Qe6 42. Qf3 f5 43. Rc4 Kh7 44. Rfd4 Rxd6 45. Rc6 Rxc6 46. Rxd8 Rc7 47. Qa8 Qe5 48. Qb8 Qa1 49. Rh8+ Qxh8 50. Qxc7+ Qg7 1/2-1/2

[Event "Novi Sad Serbian op"]
[Site "Novi Sad"]
[Date "2016.11.07"]
[Round "3"]
[White "Tashev, Aleksandar Asenov"]
[Black "Damia, Angelo"]
[Result "0-1"]
[WhiteElo "2129"]
[BlackElo "2260"]
[PlyCount "94"]
[EventDate "2016.11.06"]
[EventType "swiss"]
[EventRounds "9"]
[EventCountry "SRB"]
[SourceTitle "CBM 175 Extra"]
[Source "ChessBase"]
[SourceDate "2016.12.12"]
[SourceVersion "1"]
[SourceVersionDate "2016.12.12"]
[SourceQuality "1"]

1. d4 d6 2. c4 e5 3. dxe5 dxe5 4. Qxd8+ Kxd8 5. Nc3 Be6 6. e3 Nd7 7. Nf3 f6 8. Be2 c6 9. 0-0 Nh6 10. Rd1 Kc7 11. Bd2 Nf7 12. Rac1 a5 13. Be1 Nc5 14. Nd2 b6 15. Nde4 Nd7 16. h3 f5 17. Nd2 a4 18. b3 axb3 19. axb3 Ba3 20. Rc2 Nc5 21. Rb1 Bb4 22. Nf3 Kb7 23. Na4 Na6 24. Nc3 Rhd8 25. Na2 Bxe1 26. Nxe1 e4 27. b4 Ne5 28. f3 Nc7 29. Nc1 Ra3 30. Rb3 Rxb3 31. Nxb3 Nd3 32. Bxd3 exd3 33. Rd2 Bxc4 34. Nc1 Nd5 35. Ncxd3 Nxe3 36. Kf2 f4 37. g3 g5 38. h4 Nf5 39. hxg5 fxg3+ 40. Kg2 Kc7 41. f4 Bd5+ 42. Kg1 Be4 43. Kf1 Ne3+ 44. Kg1 Ng4 45. Kf1 Nh2+ 46. Kg1 Nf3+ 47. Nxf3 Bxf3 0-1

[Event "Novi Sad Serbian op"]
[Site "Novi Sad"]
[Date "2016.11.06"]
[Round "1"]
[White "Tashev, Aleksandar Asenov"]
[Black "Bukal, Vladimir Jr"]
[Result "0-1"]
[WhiteElo "2129"]
[BlackElo "2420"]
[PlyCount "104"]
[EventDate "2016.11.06"]
[EventType "swiss"]
[EventRounds "9"]
[EventCountry "SRB"]
[SourceTitle "CBM 175 Extra"]
[Source "ChessBase"]
[SourceDate "2016.12.12"]
[SourceVersion "1"]
[SourceVersionDate "2016.12.12"]
[SourceQuality "1"]

1. d4 e6 2. Nf3 f5 3. g3 Nf6 4. Bg2 d5 5. 0-0 Bd6 6. c4 c6 7. Nc3 0-0 8. Bg5 Qe8 9. Bxf6 Rxf6 10. e3 Nd7 11. Rc1 Qe7 12. Rc2 Rf8 13. Qe2 Nf6 14. c5 Bc7 15. b4 Nd7 16. Qd2 Kh8 17. Rd1 Nf6 18. Qd3 Ne4 19. Ne2 Bd7 20. Ne5 Be8 21. f3 Nf6 22. a4 g5 23. Rb1 a6 24. Kh1 Bg6 25. f4 Ne4 26. Rf1 Bh5 27. Bf3 Bxf3+ 28. Rxf3 Rg8 29. Rf1 Qe8 30. Nc3 Bxe5 31. dxe5 gxf4 32. gxf4 Rd8 33. Nxe4 dxe4 34. Qe2 Rd3 35. Rd2 Qd7 36. Rb2 Qe7 37. Rg1 Rxg1+ 38. Kxg1 Qd8 39. Kf2 Kg7 40. Ke1 Qh4+ 41. Kf1 Qh3+ 42. Kg1 Rxe3 43. Qg2+ Qxg2+ 44. Rxg2+ Kf7 45. Rd2 Rd3 46. Rxd3 exd3 47. Kf2 Kg6 48. Ke3 Kh5 49. Kxd3 Kg4 50. Ke3 h6 51. h3+ Kxh3 52. Kf3 h5 0-1

[Event "FRM-ch op 25th"]
[Site "Struga"]
[Date "2016.07.19"]
[Round "4"]
[White "Pasko, Llambi"]
[Black "Tashev, Aleksandar Asenov"]
[Result "1-0"]
[WhiteElo "2343"]
[BlackElo "2015"]
[PlyCount "63"]
[EventDate "2016.07.16"]
[EventType "swiss"]
[EventRounds "9"]
[EventCountry "MKD"]
[SourceTitle "CBM 173 Extra"]
[Source "ChessBase"]
[SourceDate "2016.08.29"]
[SourceVersion "1"]
[SourceVersionDate "2016.08.29"]
[SourceQuality "1"]

1. d4 d5 2. c4 e6 3. Nc3 Nf6 4. Nf3 c6 5. e3 Nbd7 6. Bd3 dxc4 7. Bxc4 b5 8. Bd3 Bb7 9. e4 b4 10. Na4 Be7 11. Qc2 h6 12. 0-0 0-0 13. Rd1 Qa5 14. b3 c5 15. Bb2 Rac8 16. d5 exd5 17. e5 Ne8 18. Bf5 Rd8 19. e6 fxe6 20. Bxe6+ Kh8 21. Bxd7 Rxd7 22. Ne5 Rd6 23. Ng6+ Rxg6 24. Qxg6 d4 25. Rac1 Bd6 26. Re1 Qd8 27. Nxc5 Bxh2+ 28. Kf1 Qh4 29. Rc2 Nd6 30. Nxb7 Nf5 31. Re8 Ne3+ 32. Rxe3 1-0

[Event "FRM-ch op 25th"]
[Site "Struga"]
[Date "2016.07.17"]
[Round "2"]
[White "Danchevski, Orce"]
[Black "Tashev, Aleksandar Asenov"]
[Result "1/2-1/2"]
[WhiteElo "2369"]
[BlackElo "2015"]
[PlyCount "110"]
[EventDate "2016.07.16"]
[EventType "swiss"]
[EventRounds "9"]
[EventCountry "MKD"]
[SourceTitle "CBM 173 Extra"]
[Source "ChessBase"]
[SourceDate "2016.08.29"]
[SourceVersion "1"]
[SourceVersionDate "2016.08.29"]
[SourceQuality "1"]

1. d4 d5 2. c4 e6 3. Nf3 c6 4. g3 Nf6 5. Bg2 Be7 6. 0-0 0-0 7. Nbd2 b6 8. Qc2 Bb7 9. e4 Nbd7 10. e5 Ne8 11. cxd5 cxd5 12. Nb1 b5 13. a3 Rc8 14. Qb3 a6 15. Bd2 Qb6 16. Bb4 Bxb4 17. axb4 Nb8 18. Na3 Nc6 19. Nc2 a5 20. Rfd1 axb4 21. Nxb4 Nc7 22. Bf1 Na5 23. Qd3 Nc4 24. Rdb1 Ra8 25. b3 Na5 26. Ng5 g6 27. g4 h6 28. Nf3 Nc6 29. Rxa8 Rxa8 30. Nxc6 Bxc6 31. Rc1 Bd7 32. Qd2 Kg7 33. h4 Na6 34. h5 Qd8 35. hxg6 fxg6 36. Kg2 Qe7 37. Bd3 g5 38. Rh1 Rh8 39. Rh3 Be8 40. Bb1 Nb4 41. Ng1 Rf8 42. Rc3 Kg8 43. f3 Nc6 44. Ne2 Nb4 45. Rc8 Nc6 46. Qc2 Qf7 47. Qd3 Nb4 48. Qc3 Nc6 49. Ng3 Qd7 50. Rxe8 Qxe8 51. Qd3 Qf7 52. Nh5 Kh8 53. Nf6 Qg7 54. Nh5 Qf7 55. Nf6 Qg7 1/2-1/2

[Event "Sofia ChessBomb op 2nd"]
[Site "Sofia"]
[Date "2015.12.12"]
[Round "2"]
[White "Tashev, Aleksandar Asenov"]
[Black "Badev, Kiril"]
[Result "0-1"]
[WhiteElo "2108"]
[BlackElo "2309"]
[PlyCount "80"]
[EventDate "2015.12.12"]
[EventType "swiss"]
[EventRounds "6"]
[EventCountry "BUL"]
[SourceTitle "CBM 169 Extra"]
[Source "ChessBase"]
[SourceDate "2015.12.18"]
[SourceVersion "1"]
[SourceVersionDate "2015.12.18"]
[SourceQuality "1"]

1. d4 d6 2. e4 Nf6 3. Bd3 e5 4. dxe5 dxe5 5. Nf3 Nbd7 6. 0-0 Bc5 7. Nbd2 0-0 8. Qe2 Nh5 9. g3 Qe7 10. Nb3 Bb6 11. Be3 Nhf6 12. Nfd2 Bxe3 13. Qxe3 a5 14. a4 b6 15. f3 Bb7 16. Kg2 Rfd8 17. Rfd1 Nf8 18. Nc4 Bc6 19. Qg5 Re8 20. Nbd2 Rad8 21. Nf1 h6 22. Qe3 N6d7 23. b3 Ne6 24. c3 Bb7 25. Qe2 Qg5 26. Kh1 Nec5 27. Bc2 Qh5 28. Kg1 Nf6 29. Qf2 Nh7 30. Rxd8 Rxd8 31. Rd1 Rxd1 32. Bxd1 Nxe4 33. Qe1 Neg5 34. Nxe5 Bxf3 35. Nxf3 Nxf3+ 36. Bxf3 Qxf3 37. h4 Nf6 38. Nh2 Qd5 39. c4 Qd3 40. Nf1 Qxb3 0-1